书目信息 |
| 题名: |
无线传感网络技术与应用
|
|
| 作者: | 牟思 , 殷虹 , 苏醒 编著 | |
| 分册: | ||
| 出版信息: | 北京 中国水利水电出版社 2016.6 |
|
| 页数: | 243页 | |
| 开本: | 26cm | |
| 丛书名: | ||
| 单 册: | ||
| 中图分类: | TN92 , TP212 | |
| 科图分类: | ||
| 主题词: | ||
| 电子资源: | ||
| ISBN: | 978-7-5170-4265-5 | |
| 000 | 01118nam0 2200277 450 | |
| 001 | 0400003237 | |
| 005 | 20171021212056.0 | |
| 010 | @a978-7-5170-4265-5@dCNY32.00 | |
| 100 | @a20160826d2016 em y0chiy50 ea | |
| 101 | 0 | @achi |
| 102 | @aCN@b110000 | |
| 105 | @aa z 000yy | |
| 106 | @ar | |
| 200 | 1 | @a无线传感网络技术与应用@9wu xian chuan gan wang luo ji shu yu ying yong@f牟思,殷虹,苏醒编著 |
| 210 | @a北京@c中国水利水电出版社@d2016.6 | |
| 215 | @a243页@c图@d26cm | |
| 300 | @a技能型人才培养特色名校建设规划教材 | |
| 330 | @a本书介绍了无线传感器网络研究领域中的相关技术及应用,ZigBee技术为主要研究对象。本书共三个项目,内容以基于CC2530芯片为核心的硬件平台,在介绍了内部硬件的基础模块后,讲解了点对点通信的构架以及编程方法,深入剖析了TI的Z-Stack协议栈构架和编程接口。通过三个项目的学习,让读者全面了解ZigBee无线传感网络技术的开发和应用。 | |
| 610 | 0 | @a无线电通信@x传感器网络@j教材 |
| 690 | @aTN92@v5 | |
| 690 | @aTP212@v5 | |
| 701 | 0 | @a牟思@9mou si@4编著 |
| 701 | 0 | @a殷虹@9yin hong@4编著 |
| 701 | 0 | @a苏醒@9su xing@4编著 |
| 801 | 0 | @aCN@b91MARC@c20171021 |
| 905 | @b1035841-5@dTN92@f5@e221 | |
| 无线传感网络技术与应用/牟思,殷虹,苏醒编著.-北京:中国水利水电出版社,2016.6 |
| 243页:图;26cm |
| 技能型人才培养特色名校建设规划教材 |
| ISBN 978-7-5170-4265-5:CNY32.00 |
| 本书介绍了无线传感器网络研究领域中的相关技术及应用,ZigBee技术为主要研究对象。本书共三个项目,内容以基于CC2530芯片为核心的硬件平台,在介绍了内部硬件的基础模块后,讲解了点对点通信的构架以及编程方法,深入剖析了TI的Z-Stack协议栈构架和编程接口。通过三个项目的学习,让读者全面了解ZigBee无线传感网络技术的开发和应用。 |
| ● |
| 相关链接 |
|
|
|
|
正题名:无线传感网络技术与应用
索取号:TN92/221
 
预约/预借
| 序号 | 登录号 | 条形码 | 馆藏地/架位号 | 状态 | 备注 |
| 1 | 1035841 | 210358414 | 第二样本阅览室/ [索取号:TN92/221] | 在馆 | |
| 2 | 1035842 | 210358423 | 密集书库-物理学院/ [索取号:TN92/221] | 在馆 | |
| 3 | 1035843 | 210358432 | 第三借阅区/ [索取号:TN92/221] | 在馆 | |
| 4 | 1035844 | 210358441 | 第三借阅区/ [索取号:TN92/221] | 在馆 | |
| 5 | 1035845 | 210358450 | 第三借阅区/ [索取号:TN92/221] | 在馆 |